[Event "Pereira Fiestas de la Cosecha op"]
[Site "Pereira"]
[Date "2023.08.26"]
[Round "5"]
[White "Orbe Vivero, Veronica Priscila"]
[Black "Hurtado Sarmiento, Juan Sebastian"]
[Result "0-1"]
[WhiteElo "1814"]
[BlackElo "1959"]
[PlyCount "106"]
[EventDate "2023.08.24"]
[EventType "swiss"]
[EventRounds "7"]
[EventCountry "COL"]
[SourceTitle "EXT 2024"]
[Source "ChessBase"]
[SourceDate "2023.10.10"]
[SourceVersion "1"]
[SourceVersionDate "2023.10.10"]
[SourceQuality "1"]

1. e4 c5 2. c3 Nf6 3. e5 Nd5 4. d4 cxd4 5. Nf3 Nc6 6. Bc4 Nb6 7. Bb3 d5 8. cxd4 Bg4 9. Be3 e6 10. 0-0 Be7 11. Nbd2 0-0 12. h3 Bf5 13. Re1 Rc8 14. Rc1 Qd7 15. Nf1 Na5 16. Ng3 Rxc1 17. Bxc1 Bg6 18. h4 Nxb3 19. Qxb3 h6 20. h5 Bh7 21. Qe3 Rc8 22. Nh2 Bg5 23. f4 Bh4 24. Nhf1 Rc2 25. Qa3 Be4 26. Nxe4 Bxe1 27. Nc5 Bf2+ 28. Kh2 Qd8 29. Bd2 Qh4+ 30. Qh3 Qxh3+ 31. Kxh3 Rxb2 32. Nd3 Rb1 33. Bc1 Bxd4 34. Nd2 Rxc1 35. Nxc1 Be3 36. Ndb3 Bxf4 37. Nd3 Be3 38. Na5 Nc4 39. Nxb7 Bd4 40. Nb4 Nxe5 41. Kg3 Bb6 42. Kf4 Nc4 43. Nc6 Kf8 44. a4 a5 45. g4 Ke8 46. g5 Kd7 47. gxh6 gxh6 48. Ne5+ Nxe5 49. Kxe5 Ke7 50. Kf4 Kd7 51. Ke5 Kc7 52. Nd6 Bd4+ 53. Kxd4 Kxd6 0-1

[Event "Pereira Fiestas de la Cosecha op"]
[Site "Pereira"]
[Date "2023.08.25"]
[Round "3"]
[White "Orbe Vivero, Veronica Priscila"]
[Black "Mogollon Tobar, Nicolle Juliet"]
[Result "1-0"]
[WhiteElo "1814"]
[BlackElo "2004"]
[PlyCount "141"]
[EventDate "2023.08.24"]
[EventType "swiss"]
[EventRounds "7"]
[EventCountry "COL"]
[SourceTitle "EXT 2024"]
[Source "ChessBase"]
[SourceDate "2023.10.10"]
[SourceVersion "1"]
[SourceVersionDate "2023.10.10"]
[SourceQuality "1"]

1. Nc3 Nf6 2. e4 d5 3. exd5 Nxd5 4. Bc4 c6 5. Ne4 Bf5 6. Ng3 Bg6 7. Nf3 Nd7 8. 0-0 e6 9. Re1 Be7 10. d3 0-0 11. Qe2 a6 12. a4 a5 13. Ne4 h6 14. h3 Qc7 15. c3 Bh5 16. Ng3 Bg6 17. Ne4 Rfd8 18. Nd4 N7f6 19. Qf3 Re8 20. Bd2 Rad8 21. Re2 c5 22. Nb5 Qb8 23. Rae1 Nb6 24. Nxf6+ Bxf6 25. Bxh6 Nxc4 26. dxc4 Bd3 27. Re3 Bxc4 28. Qg4 Bd3 29. Bg5 Bxg5 30. Qxg5 Bxb5 31. Rg3 g6 32. axb5 Rd5 33. Qh6 Qd6 34. Re4 e5 35. Reg4 Rd1+ 36. Kh2 e4 37. h4 Rd3 38. h5 Re6 39. hxg6 fxg6 40. Rxg6+ Rxg6 41. Qxg6+ Qxg6 42. Rxg6+ Kf7 43. Rb6 Rd2 44. Rxb7+ Ke6 45. Kg3 Rxb2 46. c4 Ke5 47. Rd7 a4 48. Rd5+ Ke6 49. Rxc5 a3 50. Rc6+ Ke5 51. Ra6 a2 52. b6 Kd4 53. b7 Kxc4 54. Rxa2 Rxb7 55. Kf4 Re7 56. Rd2 Kc3 57. Rd6 Rf7+ 58. Ke3 Rg7 59. Rc6+ Kb4 60. Kxe4 Rxg2 61. f4 Rf2 62. Ke5 Re2+ 63. Kf6 Kb5 64. Rc1 Kb6 65. f5 Kb5 66. Kf7 Re3 67. f6 Rf3 68. Ke7 Re3+ 69. Kf8 Rf3 70. f7 Rf4 71. Rg1 1-0

[Event "Medellin Flores op 30th"]
[Site "Medellin"]
[Date "2023.08.07"]
[Round "9"]
[White "Orbe Vivero, Veronica Priscila"]
[Black "Sanchez Manzanares, Jorge Luis"]
[Result "0-1"]
[WhiteElo "1814"]
[BlackElo "2017"]
[PlyCount "57"]
[EventDate "2023.08.03"]
[EventType "swiss"]
[EventRounds "9"]
[EventCountry "COL"]
[SourceTitle "CBM 215 Extra"]
[Source "ChessBase"]
[SourceDate "2023.09.30"]
[SourceVersion "1"]
[SourceVersionDate "2023.09.30"]
[SourceQuality "1"]

1. e4 c5 2. c3 d5 3. exd5 Qxd5 4. d4 cxd4 5. cxd4 Nc6 6. Nf3 e6 7. Be2 Nf6 8. 0-0 Be7 9. Nc3 Qd8 10. a3 0-0 11. b4 b6 12. Qb3 Bb7 13. Rd1 Rc8 14. d5 exd5 15. Nxd5 Nxd5 16. Rxd5 Na5 17. Rxa5 bxa5 18. Be3 axb4 19. axb4 Qd5 20. Qb1 Bf6 21. Ra5 Qe6 22. Rxa7 Be4 23. Qa2 Bd5 24. Qa6 Rc6 25. Qa3 Rc3 26. Qa6 Rxe3 27. fxe3 Qxe3+ 28. Kf1 Bxf3 29. Ke1 0-1

[Event "ECU-ch (Women)"]
[Site "Quito"]
[Date "2023.06.21"]
[Round "1"]
[White "Zhindon Minchala, Andrea Lisseth"]
[Black "Orbe Vivero, Veronica Priscila"]
[Result "0-1"]
[WhiteElo "1098"]
[BlackElo "1814"]
[PlyCount "52"]
[EventDate "2023.06.21"]
[EventType "swiss"]
[EventRounds "9"]
[EventCountry "ECU"]
[SourceTitle "CBM 215 Extra"]
[Source "ChessBase"]
[SourceDate "2023.09.30"]
[SourceVersion "1"]
[SourceVersionDate "2023.09.30"]
[SourceQuality "1"]

1. c4 e5 2. Nc3 Nc6 3. d3 g6 4. g3 Bg7 5. Bg2 d6 6. Nf3 h6 7. 0-0 f5 8. e4 Nf6 9. Re1 0-0 10. Nh4 Ne7 11. exf5 gxf5 12. f4 c6 13. fxe5 dxe5 14. Rxe5 Ng4 15. Re2 Qd4+ 16. Kf1 Nxh2+ 17. Ke1 f4 18. Rxe7 fxg3 19. Qe2 Qxh4 20. Re4 Bg4 21. Be3 Rae8 22. Qc2 Rxe4 23. Nxe4 Rf1+ 24. Bxf1 g2+ 25. Kd2 Nxf1+ 26. Rxf1 gxf1Q 0-1

[Event "Pasto op 3rd"]
[Site "Pasto"]
[Date "2023.02.18"]
[Round "3"]
[White "Guayara Diaz, William Alonso"]
[Black "Orbe Vivero, Veronica Priscila"]
[Result "0-1"]
[WhiteElo "1812"]
[BlackElo "1824"]
[PlyCount "132"]
[EventDate "2023.02.17"]
[EventType "swiss"]
[EventRounds "6"]
[EventCountry "COL"]
[SourceTitle "EXT 2024"]
[Source "ChessBase"]
[SourceDate "2023.10.10"]
[SourceVersion "1"]
[SourceVersionDate "2023.10.10"]
[SourceQuality "1"]

1. d4 Nf6 2. Bf4 g6 3. Nc3 Bg7 4. e4 d6 5. Qd2 c6 6. Bh6 Bxh6 7. Qxh6 Qa5 8. Bd3 Nbd7 9. Nge2 Qh5 10. Qxh5 Nxh5 11. 0-0 0-0 12. f4 e5 13. Rad1 Ng7 14. a4 f5 15. Bc4+ Kh8 16. dxe5 dxe5 17. exf5 Nxf5 18. Be6 Ne3 19. Bxd7 Nxd1 20. Rxd1 Rd8 21. Bxc8 Rxd1+ 22. Nxd1 Rxc8 23. fxe5 Re8 24. Kf2 Rxe5 25. Ne3 Kg7 26. Kf3 Kf7 27. b4 Rh5 28. h3 a5 29. c3 axb4 30. cxb4 Rh4 31. Nf4 g5 32. Nd3 Rd4 33. Ke2 Ke6 34. Nc5+ Ke5 35. Nc2 Rc4 36. Kd3 Rh4 37. Nxb7 g4 38. a5 gxh3 39. gxh3 Rxh3+ 40. Kc4 Rh2 41. Na3 Ra2 42. Kb3 Rg2 43. a6 Rg8 44. Nc4+ Kd4 45. Nb6 h5 46. a7 h4 47. Nd6 h3 48. Nbc8 Rg3+ 49. Ka4 Rg1 50. Nf5+ Ke5 51. Kb3 Ra1 52. Ne3 Kf4 53. Nf1 Kf3 54. Kc4 Kf2 55. Nh2 Kg2 56. Ng4 Kg3 57. Ne3 h2 58. Nf1+ Rxf1 59. a8Q h1Q 60. Qb8+ Kg4 61. Qe5 Rc1+ 62. Kb3 Qd1+ 63. Ka2 Rc2+ 64. Ka3 Qc1+ 65. Ka4 Ra2+ 66. Kb3 Qc2# 0-1

[Event "South America-ch U18 Girls 17th"]
[Site "Guayaquil"]
[Date "2022.01.28"]
[Round "6"]
[White "Garcia Andrada, Heidy Nicole"]
[Black "Orbe Vivero, Veronica Priscila"]
[Result "1-0"]
[WhiteElo "1946"]
[BlackElo "1468"]
[PlyCount "75"]
[EventDate "2022.01.25"]
[EventType "swiss"]
[EventRounds "9"]
[EventCountry "ECU"]
[SourceTitle "CBM 206 Extra"]
[Source "ChessBase"]
[SourceDate "2022.03.31"]
[SourceVersion "1"]
[SourceVersionDate "2022.03.31"]
[SourceQuality "1"]

1. e4 c5 2. Nf3 Nc6 3. d4 cxd4 4. Nxd4 Nf6 5. f3 e5 6. Nb5 d6 7. c4 Be7 8. Be3 0-0 9. Be2 Be6 10. Qd2 a6 11. N5c3 Rc8 12. b3 Nd7 13. 0-0 Nd4 14. Rd1 f5 15. exf5 Nxf5 16. Ne4 Nxe3 17. Qxe3 Nf6 18. Nbc3 Kh8 19. Kh1 b5 20. Nxf6 gxf6 21. cxb5 d5 22. Na4 axb5 23. Bxb5 Qa5 24. Qb6 Qxb6 25. Nxb6 Rc5 26. Bd7 Bg8 27. Bf5 Rb5 28. Na4 Ba3 29. Rd2 h6 30. Rad1 d4 31. g4 Bh7 32. Bxh7 Kxh7 33. Nb2 Kg6 34. Nc4 Ra8 35. Re2 h5 36. h3 h4 37. f4 Re8 38. Nxa3 1-0

[Event "South America-ch U18 Girls 17th"]
[Site "Guayaquil"]
[Date "2022.01.26"]
[Round "3"]
[White "Orbe Vivero, Veronica Priscila"]
[Black "Ayala Rosero, Ariana Marcela"]
[Result "0-1"]
[WhiteElo "1468"]
[BlackElo "1496"]
[PlyCount "70"]
[EventDate "2022.01.25"]
[EventType "swiss"]
[EventRounds "9"]
[EventCountry "ECU"]
[SourceTitle "CBM 206 Extra"]
[Source "ChessBase"]
[SourceDate "2022.03.31"]
[SourceVersion "1"]
[SourceVersionDate "2022.03.31"]
[SourceQuality "1"]

1. e4 c5 2. c3 d5 3. exd5 Qxd5 4. d4 g6 5. Nf3 Bg4 6. Be2 Bg7 7. c4 Qd8 8. d5 Nf6 9. Nc3 0-0 10. 0-0 Ne8 11. h3 Bxf3 12. Bxf3 Nd6 13. Qe2 Nd7 14. Bd2 Ne5 15. b3 Nf5 16. Be4 Nd4 17. Qe3 f5 18. Bd3 f4 19. Qe4 f3 20. g3 Qd7 21. Kh2 Rf5 22. Rfe1 Nxd3 23. Qxd3 Rh5 24. h4 Be5 25. Rxe5 Rxe5 26. Bf4 Rh5 27. Ne4 Qg4 28. Bg5 Rf8 29. Bxe7 Nf5 30. Nf6+ Rxf6 31. Bxf6 Nxh4 32. Bxh4 Rxh4+ 33. Kg1 Rh1+ 34. Kxh1 Qh3+ 35. Kg1 Qg2# 0-1

[Event "South America-ch U18 Girls 17th"]
[Site "Guayaquil"]
[Date "2022.01.25"]
[Round "1"]
[White "Orbe Vivero, Veronica Priscila"]
[Black "Contreras Huaman, Fiorella Daiana"]
[Result "0-1"]
[WhiteElo "1468"]
[BlackElo "1949"]
[PlyCount "58"]
[EventDate "2022.01.25"]
[EventType "swiss"]
[EventRounds "9"]
[EventCountry "ECU"]
[SourceTitle "CBM 206 Extra"]
[Source "ChessBase"]
[SourceDate "2022.03.31"]
[SourceVersion "1"]
[SourceVersionDate "2022.03.31"]
[SourceQuality "1"]

1. e4 c6 2. d4 d5 3. Nc3 dxe4 4. Nxe4 Nf6 5. Nxf6+ exf6 6. c3 Bd6 7. Bd3 0-0 8. Ne2 Re8 9. 0-0 Nd7 10. Ng3 Nf8 11. f4 c5 12. d5 g6 13. Ne4 f5 14. Nxd6 Qxd6 15. c4 b5 16. b3 bxc4 17. bxc4 Rb8 18. Qd2 Qf6 19. Ba3 Qd4+ 20. Kh1 Nd7 21. Rae1 Rxe1 22. Rxe1 Ba6 23. Qc2 Qxf4 24. Bb2 Rf8 25. Re7 Bc8 26. Qe2 Qd6 27. Qe3 Nf6 28. Ba3 Ng4 29. Qg1 Qxe7 0-1

[Event "ECU-ch (Women)"]
[Site "Salinas"]
[Date "2021.12.17"]
[Round "4"]
[White "Orbe Vivero, Veronica Priscila"]
[Black "Pincay Coloma, Renata Alejandra"]
[Result "1-0"]
[WhiteElo "1471"]
[BlackElo "1614"]
[PlyCount "59"]
[EventDate "2021.12.16"]
[EventType "swiss"]
[EventRounds "7"]
[EventCountry "ECU"]
[SourceTitle "EXT 2023"]
[Source "ChessBase"]
[SourceDate "2022.10.05"]
[SourceVersion "1"]
[SourceVersionDate "2022.10.05"]
[SourceQuality "1"]

1. e4 d5 2. exd5 Nf6 3. d4 Nxd5 4. Nf3 g6 5. Bc4 Bg7 6. Nc3 Nb6 7. Bb3 0-0 8. h3 Nc6 9. Be3 Na5 10. 0-0 Nac4 11. Qe2 Be6 12. d5 Nxe3 13. fxe3 Bxc3 14. dxe6 Bf6 15. exf7+ Kg7 16. Rad1 Qc8 17. Nd4 c5 18. Ne6+ Kh8 19. Nxf8 Qxf8 20. Be6 Qh6 21. Qd2 Qf8 22. c3 Nc8 23. Qd8 Nd6 24. Qxf8+ Rxf8 25. Rxd6 exd6 26. Rxf6 Kg7 27. Rf4 a6 28. a4 h6 29. g4 b6 30. Kf2 1-0

[Event "ECU-ch (Women)"]
[Site "Salinas"]
[Date "2021.12.17"]
[Round "3"]
[White "Zhunio Guaman, Sofia Morelia"]
[Black "Orbe Vivero, Veronica Priscila"]
[Result "0-1"]
[WhiteElo "1170"]
[BlackElo "1471"]
[PlyCount "60"]
[EventDate "2021.12.16"]
[EventType "swiss"]
[EventRounds "7"]
[EventCountry "ECU"]
[SourceTitle "EXT 2023"]
[Source "ChessBase"]
[SourceDate "2022.10.05"]
[SourceVersion "1"]
[SourceVersionDate "2022.10.05"]
[SourceQuality "1"]

1. d4 Nf6 2. c4 g6 3. Nf3 Bg7 4. Nc3 0-0 5. e4 d6 6. h3 e5 7. d5 Nbd7 8. Be3 Nc5 9. Qc2 a5 10. Be2 Qe7 11. 0-0 c6 12. a3 cxd5 13. cxd5 Bd7 14. b4 axb4 15. axb4 Na6 16. Rab1 Rfc8 17. Qd2 Nh5 18. g4 Nf4 19. Kh2 Rxc3 20. Qxc3 Nxe2 21. Qd2 Bb5 22. Rfe1 Qf6 23. Kg2 Nf4+ 24. Bxf4 Qxf4 25. Qxf4 exf4 26. Red1 Re8 27. Nd2 Bd3 28. Rbc1 Bb2 29. b5 Nc5 30. Rxc5 dxc5 0-1

[Event "Fide Inter Con Cup U18"]
[Site "Tornelo INT"]
[Date "2020.10.10"]
[Round "1"]
[White "Orbe Vivero, Veronica Priscila"]
[Black "Malicka, Maria"]
[Result "1-0"]
[WhiteElo "1471"]
[BlackElo "1907"]
[PlyCount "49"]
[EventDate "2020.10.10"]
[EventType "swiss (rapid)"]
[EventRounds "6"]
[EventCountry "NET"]
[SourceTitle "EXT 2022"]
[Source "ChessBase"]
[SourceDate "2021.10.06"]
[SourceVersion "1"]
[SourceVersionDate "2021.10.06"]
[SourceQuality "1"]

1. e4 c5 2. c3 d5 3. exd5 Qxd5 4. d4 Nf6 5. Nf3 Bg4 6. Be2 e6 7. 0-0 Nc6 8. Be3 cxd4 9. cxd4 Be7 10. Nc3 Qd6 11. a3 0-0 12. Rc1 Rfd8 13. Nb5 Qb8 14. Qd2 e5 15. Rfd1 a6 16. Nc3 Bxf3 17. Bxf3 exd4 18. Bxc6 dxe3 19. Qxe3 Rxd1+ 20. Rxd1 Ng4 21. Qxe7 bxc6 22. Rd7 Qe8 23. h3 Nf6 24. Qxe8+ Rxe8 25. Ra7 1-0

[Event "Fide Inter Con Cup U18"]
[Site "Tornelo INT"]
[Date "2020.10.10"]
[Round "6"]
[White "Vantika, Agrawal"]
[Black "Orbe Vivero, Veronica Priscila"]
[Result "1-0"]
[WhiteElo "2286"]
[BlackElo "1471"]
[PlyCount "101"]
[EventDate "2020.10.10"]
[EventType "swiss (rapid)"]
[EventRounds "6"]
[EventCountry "NET"]
[SourceTitle "EXT 2022"]
[Source "ChessBase"]
[SourceDate "2021.10.06"]
[SourceVersion "1"]
[SourceVersionDate "2021.10.06"]
[SourceQuality "1"]

1. d4 Nf6 2. c4 g6 3. g3 Bg7 4. Bg2 d6 5. Nf3 0-0 6. Nc3 c6 7. e4 Qa5 8. 0-0 e5 9. h3 exd4 10. Nxd4 Qc5 11. Qd3 Nbd7 12. Nb3 Qb4 13. f4 Nb6 14. e5 dxe5 15. fxe5 Nfd7 16. e6 fxe6 17. Rxf8+ Nxf8 18. Nd2 e5 19. Nce4 Be6 20. b3 Qe7 21. a4 Rd8 22. Qe2 Nc8 23. g4 Nd7 24. Ba3 c5 25. Rf1 b6 26. Qe3 Rf8 27. Rd1 Nd6 28. Qg5 Nf6 29. Nxd6 Qxd6 30. Bb2 Nd7 31. Re1 Qd3 32. Qe3 Qc2 33. Bc3 Re8 34. Be4 Qa2 35. Ra1 Qxa1+ 36. Bxa1 Nf6 37. Bg2 Nd7 38. Bd5 Bxd5 39. cxd5 h6 40. Ne4 Kh7 41. Bc3 Rf8 42. Bd2 Rf4 43. Qe2 Rf7 44. Nd6 Rf6 45. Nc4 Rf7 46. Bc3 Re7 47. d6 Re6 48. Qe4 a6 49. Qd5 Rf6 50. Nxe5 Rf8 51. Nxd7 1-0